Le Japon en Images - Statistiques

Statistiques générales
  • Ce quiz a été pris 104 fois
  • Le résultat moyen est 11 sur 18
Statistiques - réponses
Par images Hint Réponse % Correct
Capitale Tokyo
100%
Sport National Sumo
96%
Monnaie Yen
96%
Ancien Soldat Samourai
91%
Volcan Mont fuji
88%
Nourriture Ramen
88%
Habit traditionnel Kimono
82%
Metier Geisha
72%
Religion majoritaire Shintoisme
70%
Source chaude Onsen
50%
Train Shinkansen
49%
Ville / Préfecture Paradisiaque Okinawa
46%
Alphabet Hiragana
35%
Mangaka Akira Toriyama
34%
Artiste Hokusai
27%
Théâtre traditionnel Kabuki
17%
Quartier Tokyo Akihabara
16%
Empereur Actuel Naruhito
15%
Aucun quiz correspondant
Distribution des résultats
% des personnes avec chaque résultat
Percentile par nombre de réponses
Votre historique - résultats
Vous n’avez pas pris ce quiz